Statistiken für Deutsche Songs - schlecht beschrieben

Klicken Sie hier um das Quiz zu spielen!

Allgemein

  • Dieses Quiz wurde 2.093 mal gespielt
  • Das Durchschnittsergebnis liegt bei 7 aus 15

Antwortstatistiken

HintAntwort% Korrekt
Mit Luft gefüllte "Gummis" entfachen einen langen Krieg99 Luftballons - Nena
91%
Starkregen muss durchdrungen werdenDurch den Monsun - Tokio Hotel
70%
Die Nacht wird durch gemacht ohne Luft zu holenAtemlos durch die Nacht - Helene Fischer
68%
Typ fragt seinen Kumpel, welche Frau er meintDie da - Die Fantastischen Vier
62%
Mann beschreibt seine Traumimmobilie für die ZukunftHaus am See - Peter Fox
59%
Schlafgemach unter freiem Himmel auf einem bepflanzten AckerEin Bett im Kornfeld - Jürgen Drews
57%
Himmelskörper ist nach Person benannt, die geliebt wirdEin Stern (... der deinen Namen trägt) - DJ Ötzi und Nik P.
53%
Telefonnummer einer Frau, die anderen Frauen die Männer wegnimmt, wird oft angerufenSkandal im Sperrbezirk - Spider Murphy Gang
53%
Viele verschiedene Wege einen toten Körper zu entsorgenNe Leiche - SDP feat. Sido
51%
Menschen, die zu wenig Liebe bekommen und deswegen andere diskriminieren sind scheißeSchrei nach Liebe - Die Ärzte
44%
Mann geht auf Heimweg noch was trinken und trifft fremde Männer, die ihn herzlich aufnehmenGriechischer Wein - Udo Jürgens
38%
Hymne an eine Frau aus der HauptstadtBerlin City Girl - Culcha Candela
30%
Frau fordert Mann mit Trennungssong auf zu WeinenHeul doch - LaFee
29%
Erziehungsberechtigte müssen mehr nach ihren Kindern schauen, damit diese nicht abstürzenAugen auf - Sido
22%
Mann prahlt mit der Filialleiterin seines UnternehmensLayla - DJ Robin & Schürze
21%

Verteilung der Resultate

Perzentil nach korrekt beantworteten Fragen

Anzahl Personen mit jedem Resultat

Ihre Resultats-Entwicklung

Sie haben dieses Quiz noch nicht gespielt